000 00512nam a2200181Ia 4500
005 20250508152518.0
008 008 250505s9999 xx 000 0 hin d
037 _aTextual
040 _aFEDL
_beng
_cFEDL
041 _ahin
_2hin
084 _a546.22, VIM
_qFEDL
100 _aVimal Chandr
_9761660
245 0 _aPaani: Pine ke paani ke vegiyanik vivechana
260 _aDelhi, India
_bRajkamal Prakashan
_c1958
300 _a77p.
942 _cTEXL
_h546.22, VIM
999 _c1336902
_d1336902